Statistics for Croatian Islands

Click here to take the quiz!

General Stats

  • This quiz has been taken 122 times
  • The average score is 18 of 30

Answer Stats

Hint Answer % Correct
2.km2405.22Krk
98%
5.km2284.18Pag
92%
4.km2297.38Hvar
91%
1.km2405.70Cres
90%
3.km2395.44Brac
87%
6.km2271.47Korcula
84%
10.km286.16Rab
83%
9.km289.72Vis
81%
13.km274Losinj
76%
7.km2113.30Dugi otok
75%
8.km298.02Mljet
74%
15.km240.82Lastovo
68%
12.km258.18Solta
62%
16.km232.44Kornat
62%
11.km260.11Pasman
56%
14.km251.05Ugljan
55%
20.km222.08Vir
55%
21.km217.58Murter
52%
28.km214.27Silba
47%
23.km216.51Iz
42%
17.km228.13Ciovo
42%
18.km226.14Olib
42%
19.km222.18Molat
38%
29.km212.76Prvic ( Krk)
37%
24.km216.22Sipan
32%
22.km216.88Unije
32%
26.km215.08Zirje
31%
30.km211.70Drvenik
29%
27.km214.83Zut
25%
25.km215.12Sestrunj
21%

Score Distribution

Percentile by Number Answered

Percent of People with Each Score

Your Score History

You have not taken this quiz